Nehnuteľnosť v podnikaní
Vymedzenie pojmu nehnuteľnosť podľa právnych noriem. Problematika obstarania, používania a predaja pozemkov, budov a iných nehnuteľností z aspektu daňového i účtovného s príkladmi.
Saved in:
| Main Author: | |
|---|---|
| Other Authors: | , |
| Format: | Book Chapter |
| Language: | Slovak |
| Subjects: | |
| Tags: |
No Tags, Be the first to tag this record!
|
MARC
| LEADER | 00000naa$a2200000$$$4500 | ||
|---|---|---|---|
| 001 | 0033460 | ||
| 005 | 20231114083448.8 | ||
| 041 | 0 | |a slo | |
| 044 | |a SK | ||
| 245 | 1 | 0 | |a Nehnuteľnosť v podnikaní |c Valéria Jarinkovičová, Anna Jurišová, Jana Turóciová |
| 520 | |a Vymedzenie pojmu nehnuteľnosť podľa právnych noriem. Problematika obstarania, používania a predaja pozemkov, budov a iných nehnuteľností z aspektu daňového i účtovného s príkladmi. | ||
| 610 | 2 | 0 | |a podnikanie |
| 610 | 2 | 0 | |a nehnuteľnosti |
| 610 | 2 | 0 | |a pozemky |
| 610 | 2 | 0 | |a budovy |
| 610 | 2 | 0 | |a obstarávanie |
| 610 | 2 | 0 | |a predaj |
| 610 | 2 | 0 | |a zdaňovanie |
| 610 | 2 | 0 | |a účtovníctvo |
| 610 | 2 | 0 | |a úpravy právne |
| 100 | 1 | |a Jarinkovičová, Valéria | |
| 700 | 1 | |a Jurišová, Anna | |
| 700 | 1 | |a Turóciová, Jana | |